Odorichus de rebus incognitis / (Record no. 110422)

MARC details
000 -LEADER
campo de control de longitud fija 00682nam a2200193 4500
001 - NÚMERO DE CONTROL
campo de control 110422
003 - IDENTIFICADOR DE NÚMERO DE CONTROL
campo de control ES-MaACL
007 - CAMPO FIJO DE DESCRIPCIÓN FÍSICA--INFORMACIÓN GENERAL
campo de control de longitud fija t|
008 - DATOS DE LONGITUD FIJA--INFORMACIÓN GENERAL
campo de control de longitud fija 061121s1986 it r ||||1| ita d
100 1# - ENTRADA PRINCIPAL--NOMBRE DE PERSONA
Nombre de persona Da Pordenone, Odorico,
Fechas asociadas al nombre ca. 1265-1331
9 (RLIN) 42391
245 10 - MENCIÓN DEL TÍTULO
Título Odorichus de rebus incognitis /
Mención de responsabilidad, etc. Odorico da Pordenone; a cura di Lucio Monaco, Giulio Cesare Testa.
260 ## - PUBLICACIÓN, DISTRIBUCIÓN, ETC.
Lugar de publicación, distribución, etc. Pordenone :
Nombre del editor, distribuidor, etc. Camera di Commercio,
Fecha de publicación, distribución, etc. 1986.
300 ## - DESCRIPCIÓN FÍSICA
Extensión 178 p. :
Otras características físicas il. ;
Dimensiones 29 cm.
500 ## - NOTA GENERAL
Nota general Reproducción con transcripción de la 1ª ed. de Pesaro, 1513.
700 1# - ENTRADA AGREGADA--NOMBRE PERSONAL
Nombre de persona Monaco, Lucio.
9 (RLIN) 82098
700 1# - ENTRADA AGREGADA--NOMBRE PERSONAL
Nombre de persona Cesare Testa, Giulio.
9 (RLIN) 37673
852 ## - LOCALIZACIÓN
Ubicación ES-MaACL
Número de control de estantería G-6933
Holdings
Estatus retirado Estado de pérdida Estado de daño No para préstamo Biblioteca de origen Biblioteca actual Ubicación en estantería Fecha de adquisición Fuente de adquisición Total de préstamos Signatura topográfica completa Código de barras Visto por última vez Precio de reemplazo Tipo de ítem Koha
        Biblioteca del Ateneo de Madrid Biblioteca del Ateneo de Madrid Depósito 2 17/01/2008     G-6933 1115207 23/02/2023 23/02/2023 Libro impreso